000 00732nam a2200217Ia 4500
005 20241129104325.0
008 241129s9999||||xx |||||||||||||| ||und||
020 _a9789351710615
037 _aTextual
040 _aRTL
_beng
_cRTL
041 _aeng
_2eng
084 _aU212-42.253 R2
_qRTL
100 _aBandooni Suresh Kumar; Hasija Anupama M; Devi L. Mirana
_9725761
245 0 _aImpact of migration on mountain region: A comparative study
_cBandooni Suresh Kumar; Hasija Anupama M; Devi L. Mirana
260 _aNew Delhi
_bResearch India Press
_c2022
300 _axxiv,240p.
365 _aINR
_b2500
650 _aMigration Studies
_9725164
942 _cTB
_hU212-42.253 R2
999 _c1225394
_d1225394